000 00324nam a2200133Ia 4500
005 20251222125349.0
008 251222s1900||||xx |||||||||||||| ||spa||
082 _aCD425.02/J72W/A2/Ej.3
100 _aBrewster, Simon
245 0 _aAmerican big picture:
250 _a1a.ed.
264 _bRichmond Publishing,
942 _cCD
999 _c2671
_d2671